| 000 | 00827nam2a22002411 4500 | ||
|---|---|---|---|
| 001 | RU\NLR\A1SV\126375 | ||
| 005 | 20251214192128.0 | ||
| 035 | _a(NLR Aleph) 010447010 | ||
| 090 |
_a13489913 _c13489913 |
||
| 100 | _a20140507d1924 u y0rusy50 ca | ||
| 101 | 1 |
_arus _ceng |
|
| 200 | 1 |
_aМистер Полли _eРоман _fПер. Т.Барвенковой |
|
| 210 | _d1924 | ||
| 215 | _a234 с. | ||
| 461 | 1 |
_1001RU\NLR\A1SV\126372 _12000#$v[Т.3] _99912203 _aУэллс, Г. Д. (1866-1946) _cЛ. _d1924-1926 _fПод ред. Евг. Замятина _nМысль _tСобрание сочинений Герберта Уэллса _v[Т.3] |
|
| 702 | 1 |
_aБарвенкова _bТ. |
|
| 801 | 0 |
_aRU _bNLR _c20140507 |
|
| 852 |
_aNLR _j12/319 |
||
| 852 |
_aNLR _j12/319а |
||
| 942 | _cBOOK | ||
| 980 | _aA1SV | ||
| 980 | _aNB | ||